| 000 | 00734nam a22002297a 4500 | ||
|---|---|---|---|
| 005 | 20170124105957.0 | ||
| 010 | _aB-082170 | ||
| 020 |
_c00.00 _a8185212937 |
||
| 035 | _aB-082170 | ||
| 037 | _bCen Lib/Ret | ||
| 040 |
_aDPL _bEN |
||
| 082 |
_a133.3092 _bNOS |
||
| 245 |
_aNostradamus : _cedited by N. Sharma _bhistory, future and complete prophecies / |
||
| 260 |
_aChandigarh _bArun Publishing House _c2002 |
||
| 270 |
_aSCO 49-51, Sector 17 C _bChandigarh _e160017 |
||
| 300 |
_a223p. : _c20cm(Hb) _bill |
||
| 500 | _aIncludes bibliographic references and index | ||
| 650 |
_aProphecies (Occultism) _914982 |
||
| 650 |
_aProphecies _914983 |
||
| 700 |
_aSharma, N _914984 |
||
| 942 |
_2ddc _cEN _h133.3092 _mNOS |
||
| 999 |
_c125627 _d125627 |
||